Zodpovednosť v medzinárodnom práve

Na minha lista:
Detalhes bibliográficos
Autor principal: Kolosov, Jurij Michajlovič
Formato: Livro
Idioma:eslovaco
Publicado em: Bratislava Pravda 1978
Tags: Adicionar Tag
Sem tags, seja o primeiro a adicionar uma tag!

MARC

LEADER 00000nam a2200000 4500
001 c119522
005 20250522113550.2
041 0 |a slo 
044 |a SK 
245 1 0 |a Zodpovednosť v medzinárodnom práve  |c Jurij Michajlovič Kolosov 
264 1 |a Bratislava  |b Pravda  |c 1978 
300 |a 259 s. 
100 1 |a Kolosov, Jurij Michajlovič